Weltmeisterschaft (WM) 2026 Teilnehmer - Statistiken

Allgemein
  • Dieses Quiz wurde 819 mal gespielt
    43 seit der letzten Aktualisierung
  • Das Durchschnittsergebnis liegt bei 41 aus 48
Antwortstatistiken
Konföderation Nation % Korrekt
Gastgeber Kanada
97%
Gastgeber Mexiko
97%
Gastgeber Vereinigte Staaten
97%
Afrika (CAF) Ägypten
93%
Europa (UEFA) Deutschland
93%
Afrika (CAF) Marokko
93%
Europa (UEFA) Norwegen
93%
Europa (UEFA) Österreich
93%
Europa (UEFA) Schweiz
93%
Europa (UEFA) Spanien
93%
Südamerika (CONMEBOL) Argentinien
90%
Asien (AFC) Australien
90%
Europa (UEFA) Bosnien & Herzogowina
90%
Südamerika (CONMEBOL) Brasilien
90%
Afrika (CAF) Ghana
90%
Europa (UEFA) Portugal
90%
Europa (UEFA) Schweden
90%
Europa (UEFA) TürkeI
90%
Europa (UEFA) Belgien
86%
Nordamerika (CONCACAF) Curacao
86%
Südamerika (CONMEBOL) Ecuador
86%
Afrika (CAF) Elfenbeinküste
86%
Europa (UEFA) England
86%
Europa (UEFA) Frankreich
86%
Asien (AFC) Iran
86%
Asien (AFC) Japan
86%
Südamerika (CONMEBOL) Kolumbien
86%
Ozeanien (OFC) Neuseeland
86%
Europa (UEFA) Niederlande
86%
Südamerika (CONMEBOL) Uruguay
86%
Asien (AFC) Irak
83%
Europa (UEFA) Kroatien
83%
Afrika (CAF) Südafrika
83%
Asien (AFC) Südkorea
83%
Nordamerika (CONCACAF) Haiti
79%
Nordamerika (CONCACAF) Panama
79%
Südamerika (CONMEBOL) Paraguay
79%
Asien (AFC) Saudi-Arabien
79%
Europa (UEFA) Schottland
79%
Afrika (CAF) Tunesien
79%
Afrika (CAF) Senegal
76%
Europa (UEFA) Tschechien
76%
Asien (AFC) Usbekistan
76%
Afrika (CAF) Algerien
72%
Afrika (CAF) DR Kongo
72%
Asien (AFC) Katar
72%
Asien (AFC) Jordanien
66%
Afrika (CAF) Kap Verde
55%
Keine übereinstimmenden Quizze gefunden
Verteilung der Resultate
Anzahl Personen mit jedem Resultat
Perzentil nach korrekt beantworteten Fragen
Ihre Resultats-Entwicklung
Sie haben dieses Quiz seit der letzten Aktualisierung nicht gespielt